Sanat: "Viimeinen" - Nylon Beat - Statistics

Yleistilastot
  • Tätä visaa on pelattu 107 kertaa
  • Keskiarvotulos 67 / 94
Vastaustilastot
Sanat % Oikein
97%
97%
97%
97%
97%
97%
97%
97%
97%
97%
oo
94%
oot
94%
oot
94%
oot
94%
oot
94%
oot
94%
oot
94%
viimeinen
93%
viimeinen
93%
Hei,
88%
Hei,
88%
ja
88%
Ja
88%
en
87%
en
87%
sen
85%
sen
85%
Sua
82%
sua,
82%
Sua
82%
Sua
82%
kun
78%
kun
78%
kun
78%
kun
78%
Kaikki
76%
Kaikki
76%
sinut
76%
sinut
76%
tahtoisin
76%
tahtoisin
76%
75%
me
75%
tietää
75%
tietää
75%
Et
74%
et
74%
et
74%
heikkoluontoisin,
74%
heikkoluontoisin,
74%
köyhinkin,
74%
köyhinkin,
74%
taas,
74%
Taas
74%
mutta
72%
mutta
72%
kuitenkin
71%
kuitenkin
71%
maalin
69%
oman
68%
teet
68%
aina
66%
meet
66%
sellainen
66%
sellainen
66%
jännittää
65%
jättäis
65%
jättäis
65%
kentälle
65%
enempää
62%
kaadoit
62%
osaa
62%
auton
56%
suudelmaas
51%
Katson
50%
Nanana...
47%
Nanana...
47%
ootin
46%
katsot
44%
lähdetään
43%
myöhässä
43%
pääse
43%
portsariin
43%
tuut,
43%
sisäänkään,
40%
kaupunkiin
38%
kuin
38%
muut
38%
niin,
38%
niin
38%
eksyit
32%
tiedän
31%
juhliin
28%
Nananaa...
13%
Ehtoja vastaavia visoja ei löytynyt
Tulosjakauma
Jokaisen tuloksen saaneiden osuus
Persentiili vastausten määrän mukaan
Tuloshistoriasi
Et ole pelannut tätä visaa